00548nam a2200181Ia 4500003000900000008004100009020001800050040001600068080002500084245010000109260003400209300001300243650001900256650002200275650001900297700002200316700002800338IN-BaIIA211028s9999 xx 000 0 eng d a0-12-003820-X cIIA Library a047.1:539.18bADV-20 0aAdvances in atomic and molecular physicsbvol. 20cedited by David Bates and Benjamin Bederson  aOrlandobAcademic Pressc1985 ax, 477p. aAtomic physics aMolecular physics aNASA Thesaurus aBates, David, ed. aBederson, Benjamin, ed.